Statistics for Countries that We Have Been to

Click here to take the quiz!

General Stats

  • This quiz has been taken 44 times
    (18 since last reset)
  • The average score is 11 of 13

Answer Stats

Continent Local Name Answer % Correct
EuropeBelgique / BelgiëBelgium
100%
Americas(English speaking country)Canada
100%
EuropeDanmarkDenmark
100%
EuropeDeutschlandGermany
100%
EuropeÍslandIceland
100%
EuropeNederlandNetherlands
100%
EuropeSverigeSweden
100%
Americas(English speaking country)United States
100%
EuropeLëtzebuergLuxembourg
94%
EuropeÉireIreland
89%
AfricaኢትዮጵያEthiopia
56%
Africa(English speaking country)Zambia
33%
Africa(English speaking country)Zimbabwe
33%

Score Distribution

Percentile by Number Answered

Percent of People with Each Score

Your Score History

You have not taken this quiz since the last reset